El planeamiento de la iglesia pequeña

সংরক্ষণ করুন:
গ্রন্থ-পঞ্জীর বিবরন
প্রধান লেখক: Saylor, Ladson K.
বিন্যাস: গ্রন্থ
প্রকাশিত: San Pedro de Montes de Oca, Costa Rica 1967
বিষয়গুলি:
ট্যাগগুলো: ট্যাগ যুক্ত করুন
কোনো ট্যাগ নেই, প্রথমজন হিসাবে ট্যাগ করুন!

MARC

LEADER 00000nam a2200000Ia 4500
003 010137
005 20221231144350.0
008 140114s1967 cr a m 000 ||s d
040 |c cru CEDI 
090 |a TFG 1980 
100 |a Saylor, Ladson K.  |9 13945 
245 |a El planeamiento de la iglesia pequeña 
260 |c 1967  |a  San Pedro de Montes de Oca, Costa Rica 
300 |a  80 hojas : ilustraciones ; 28 cm  
500 |a  Tesis de incorporacion (Ingeniero Arquitecto) Universidad de Costa Rica  
650 |x ARQUITECTURA RELIGIOSA  |9 8976 
942 |c TFG 
999 |c 20795  |d 20795